Evropské volby v proměnách času politika volebních reforem EU
Salvato in:
| Autore principale: | |
|---|---|
| Natura: | Libro |
| Lingua: | ceco |
| Pubblicazione: |
Praha
Togga
2018
|
| Edizione: | 1. vydání |
| Soggetti: | |
| Tags: |
Nessun Tag, puoi essere il primo ad aggiungerne!!
|
MARC
| LEADER | 00000nam a2200000 4500 | ||
|---|---|---|---|
| 001 | 0252003 | ||
| 005 | 20240221112723.7 | ||
| 020 | |a 978-80-7476-152-2 | ||
| 041 | 0 | |a cze | |
| 044 | |a CZ | ||
| 245 | 1 | 0 | |a Evropské volby v proměnách času |b politika volebních reforem EU |c Jakub Charvát |
| 250 | |a 1. vydání | ||
| 264 | 1 | |a Praha |b Togga |c 2018 | |
| 300 | |a 163 s. | ||
| 610 | 2 | 0 | |a politika |
| 610 | 2 | 0 | |a voľby |
| 610 | 2 | 0 | |a vývoj |
| 610 | 2 | 0 | |a reformy |
| 610 | 2 | 0 | |a Európsky parlament |
| 610 | 2 | 0 | |a Európska únia |
| 100 | 1 | |a Charvát, Jakub | |